| 000 | 00785nam a2200301Ia 4500 | ||
|---|---|---|---|
| 008 | 171120s9999 xx 000 0 und d | ||
| 020 | _a9.7897110134e+012 | ||
| 050 | _a302.2 | ||
| 050 | _bM397 2014 | ||
| 100 | _aMaslog, Crispin C. | ||
| 245 | _aPhilippine communication in the digital age / | ||
| 245 | _cby Crispin C. Maslog. | ||
| 260 | _aPhilippines : | ||
| 260 | _bNew Day, | ||
| 260 | _c2014 | ||
| 300 | _a403 pages : | ||
| 300 | _billustrations ; | ||
| 300 | _c23cm. | ||
| 500 | _aIncludesbibliography. | ||
| 650 | _aCommunication and technology -- | ||
| 650 | _aComunication -- | ||
| 650 | _aDigital communicationsc -- | ||
| 650 | _aMass media. | ||
| 650 | _xPhilippines. | ||
| 650 | _xPhilippines. | ||
| 650 | _xPhilippines. | ||
| 700 | _aTitle. | ||
| 999 |
_c345388 _d345388 |
||